Paroles - mes ex, pt.2 - Spider ZED - Statistiques

Statistiques générales
  • Ce quiz a été pris 3 fois
  • Le résultat moyen est 88 sur 211
Statistiques - réponses
Paroles % Correct
...
100%
belle
67%
condamner
67%
de
67%
des
67%
67%
du
67%
et
67%
(Et
67%
ex
67%
fenêtres
67%
J'aurais
67%
Je
67%
la
67%
le
67%
me
67%
mes
67%
Mes
67%
Nan
67%
on
67%
Ou
67%
ou
67%
67%
plus
67%
portée
67%
portes
67%
pour
67%
si
67%
Si
67%
tes
67%
T'es
67%
t'es
67%
un
67%
une
67%
Afin
33%
avec
33%
bien
33%
bières
33%
bizarre
33%
ça
33%
Ça
33%
c'est
33%
Comme
33%
comme
33%
complètement
33%
contrôle
33%
croire
33%
défauts
33%
déjà
33%
d'elles,
33%
d'être
33%
deuil
33%
dis-moi ?)
33%
distrait
33%
d'l'ampleur
33%
d'mes
33%
d'resto
33%
d'trou
33%
elle
33%
en
33%
engagé
33%
Entre
33%
épouser
33%
était
33%
fondu
33%
formes
33%
go
33%
gorge
33%
histoire
33%
hommes
33%
hors
33%
imaginé
33%
indélébile
33%
j'ai
33%
J'ai
33%
jamais
33%
jaune
33%
j'contrôle
33%
J'crois
33%
j'étais
33%
J'imaginais
33%
j'me
33%
J'recherche
33%
J'recycle
33%
J'ressors
33%
J't’apprécie
33%
juste
33%
j'vais
33%
J'veux
33%
J'vois
33%
l'air
33%
leggings
33%
loin
33%
l'une
33%
m'a
33%
ma
33%
Mais
33%
mais
33%
marche)
33%
mariés
33%
m'avait
33%
(Mec
33%
mette
33%
m'faire
33%
m'investir,
33%
m'largues
33%
moi
33%
mon
33%
m'touche
33%
noir
33%
nous,
33%
ordinaire
33%
parents
33%
pas
33%
patron,
33%
perdu
33%
peu
33%
peur
33%
plastique
33%
pleine
33%
poubelle
33%
prenne
33%
prof
33%
propre
33%
putain
33%
quand
33%
qu'ça
33%
que
33%
qu'on
33%
qu'sa
33%
qu't'es
33%
qu'tu
33%
rapporté
33%
relations
33%
rester
33%
rodéo
33%
sais
33%
serais
33%
seul
33%
souffrir
33%
ta
33%
t'dégouter
33%
tellement
33%
tous
33%
tout
33%
très
33%
trop
33%
truc
33%
tu
33%
va
33%
veuille
33%
vivre
33%
vraie
33%
vraiment
33%
y'a
33%
d'vacances
0%
(Mytho)
0%
Aucun quiz correspondant
Distribution des résultats
% des personnes avec chaque résultat
Percentile par nombre de réponses
Votre historique - résultats
Vous n’avez pas pris ce quiz